00692nam a2200229 a 4500001001300000003000900013005001700022008004100039020001000080082001800090100002400108245008000132260002700212300000900239500003500248505001000283650001800293902000800311942000700319952011900326999001700445nice12345678IN_TiNIC20260116013929.0050524s1997 dela grp 000 0 eng  ac45000a306.0954bHOG aHogan, Patrick Colm aLiterary Indiab Comparative Studies in Aesthetics, Colonialism and Culture aDelhibRawat Pubc1997 a289p aincludes index and biblioraphy2 aIndex aCulture-India bSRS cBK 001040708StackRoom-aHMIbHMId2011-10-21g450.00l0o306.0954 HOGp017699r2011-10-21v450.00w2005-05-24yBK c13157d13157